000 01092nam a2200289Ia 4500
001 96666
003 IT-RoPAU
008 130308s9999 xx 000 0 und d
040 _aIT-RoPAU
040 _cIT-RoPAU
041 _aITALIANO
100 _aPinto Minerva Franca
100 _gCodice Aut. SPICS: 33531
245 _aCittà come progetto pedagogico (La)
245 _bCitta' Educativa (La)-Verso un Sistema formativo Integrato
250 _a1a ed.
260 _aBOLOGNA
260 _bCappelli
260 _c1991 [1° Ed.:1991 - Ed.Ling.Originale:1991]
300 _a"19 p. (prefazione: no ; testo: 19 [pagine: 47-65])"
500 _aSpazio Reale e Spazio Mentale. Spazio urbano e Comportamento. Contraddittorietà e Problematicità Dello Sviluppo Urbano. Conoscere la Città per Trasformarla. Logica delle forme Urbane. Cinema per Leggere la Città. Un Possibile Percorso di Lettura. Una Proposta: Laboratori Didattici di progettazione Urbana.
650 _aSAGGI DI URBANISTICA
650 _eCodice materia Spics: 5361
942 _cBK
957 _71
999 _c82140
_d82140
999 _g1